| 000 | 00654cam a2200229 a 4500 | ||
|---|---|---|---|
| 001 | 4769689 | ||
| 005 | 20180122074005.0 | ||
| 008 | 860612s1986 maua b 001 0 eng | ||
| 010 | _a 86014192 | ||
| 020 |
_a0865691495 : _c$24.95 |
||
| 040 |
_aDLC _cDLC _dDLC |
||
| 041 | _aeng | ||
| 043 | _an-us--- | ||
| 080 | _a302 AMO | ||
| 082 | 0 | 0 |
_a302 AMO _219 |
| 100 | 1 | _a50 | |
| 101 | _aSOC | ||
| 245 | 1 | 0 |
_aSocial stress in the United States : _cArnold S. Linsky, Murray A. Straus. |
| 504 | _aBibliography: p. 155-163. | ||
| 906 |
_a7 _bcbc _corignew _d1 _eocip _f19 _gy-gencatlg |
||
| 942 |
_2ddc _cBK |
||
| 999 |
_c40665 _d40665 |
||